000 00467nam a2200145 a 4500
001 000040823
005 20240307073942.0
008 130909s2012 dr a 000 0 spa d
040 _aDO-SdBNP
_bspa
_cBNPHU
100 1 _aMeléndez, Martín
_967247
245 1 0 _aHidráulica I :
_bpráctica de laboratorio /
_cMartín Meléndez.
260 _aSanto Domingo :
_bIntec,
_c2012.
300 _a82 p. :
_bil. ;
_c29 cm.
710 2 _aInstituto Tecnológico de Santo Domingo
_978911
999 _c40313
_d40313